|
|
|
|
| LEADER |
02569nam a2200397Ii 4500 |
| 001 |
36929 |
| 003 |
BD-DhAAL |
| 005 |
20211222163901.0 |
| 008 |
200115t2019 sz a b 000 0 eng d |
| 999 |
|
|
|c 41865
|d 41865
|
| 020 |
|
|
|a 9783030239213
|
| 020 |
|
|
|a 3030239217
|
| 020 |
|
|
|a 9783030239220
|
| 020 |
|
|
|a 3030239225
|
| 035 |
|
|
|a (OCoLC)1102643484
|
| 040 |
|
|
|a YDX
|b eng
|e rda
|c YDX
|d BDX
|d MYG
|d BD-DhAAL
|
| 049 |
|
|
|a MYGG
|
| 050 |
1 |
4 |
|a QA76.889.H53 2019
|
| 082 |
|
|
|a 004.1
|2 23
|
| 100 |
1 |
|
|a Hidary, Jack D.
|9 38977
|
| 245 |
1 |
0 |
|a Quantum computing :
|b an applied approach /
|c Jack D. Hidary
|
| 260 |
|
|
|a Cham, Switzerland :
|b Springer,
|c c2019
|
| 300 |
|
|
|a xix, 379 pages :
|b illustrations ;
|c 25 cm
|
| 504 |
|
|
|a Includes bibliographical references (pages 353-379).
|
| 505 |
0 |
0 |
|t Preface --
|t Superposition, entanglement, and reversibility --
|t A brief history of quantum computing --
|t Qubits, operators, and measurements --
|t Complexity theory --
|t Building a quantum computer --
|t Development libraries for quantum computer programming --
|t Teleportation, superdense coding, and Bell's inequality --
|t The canon : code walkthroughs --
|t Quantum computing methods --
|t Applications and quantum supremacy --
|t Mathematical tools for quantum computing --
|t Table of quantum operators and core circuits
|
| 526 |
|
|
|a CSE
|
| 541 |
|
|
|a Trim Education
|e 36929, 36930, 36931, 36932, 36933
|
| 650 |
|
0 |
|a Quantum computing.
|9 38978
|
| 650 |
|
0 |
|a Computer science.
|9 38979
|
| 852 |
|
|
|a Ayesha Abed Library
|c General Stacks
|
| 942 |
|
|
|2 ddc
|c BK
|
| 952 |
|
|
|0 0
|1 0
|2 ddc
|4 0
|6 004_100000000000000_HID
|7 0
|9 67695
|a BRACUL
|b BRACUL
|c GEN
|d 2020-01-12
|e Trim Education
|g 2115.00
|l 4
|m 38
|o 004.1 HID
|p 3010036929
|r 2026-05-07
|s 2026-05-06
|t 1
|v 2115.00
|w 2020-01-12
|y BK
|
| 952 |
|
|
|0 0
|1 0
|2 ddc
|4 0
|6 004_100000000000000_HID
|7 0
|9 67696
|a BRACUL
|b BRACUL
|c GEN
|d 2020-01-12
|e Trim Education
|g 2115.00
|l 1
|m 3
|o 004.1 HID
|p 3010036933
|r 2026-04-08
|s 2026-03-04
|t 5
|v 2115.00
|w 2020-01-12
|y BK
|
| 952 |
|
|
|0 0
|1 0
|2 ddc
|4 0
|6 004_100000000000000_HID
|7 0
|9 67697
|a BRACUL
|b BRACUL
|c GEN
|d 2020-01-12
|e Trim Education
|g 2115.00
|l 5
|m 54
|o 004.1 HID
|p 3010036931
|r 2025-04-21
|s 2025-04-21
|t 3
|v 2115.00
|w 2020-01-12
|y BK
|
| 952 |
|
|
|0 0
|1 0
|2 ddc
|4 0
|6 004_100000000000000_HID
|7 0
|9 67698
|a BRACUL
|b BRACUL
|c GEN
|d 2020-01-12
|e Trim Education
|g 2115.00
|l 2
|m 24
|o 004.1 HID
|p 3010036932
|q 2026-06-28
|r 2025-01-30
|s 2025-01-30
|t 4
|v 2115.00
|w 2020-01-12
|y BK
|
| 952 |
|
|
|0 0
|1 0
|2 ddc
|4 0
|6 004_100000000000000_HID
|7 0
|9 67699
|a BRACUL
|b BRACUL
|c GEN
|d 2020-01-12
|e Trim Education
|g 2115.00
|l 6
|m 132
|o 004.1 HID
|p 3010036930
|q 2026-05-21
|r 2026-04-30
|s 2026-04-30
|t 2
|v 2115.00
|w 2020-01-12
|y BK
|